Statistics for The Seattle Four Grunge Bands AND Albums

Click here to take the quiz!

General Stats

  • This quiz has been taken 317 times
  • The average score is 11 of 16

Answer Stats

Answer% Correct
Nirvana
96%
Nevermind
94%
Pearl Jam
93%
Alice in Chains
89%
Soundgarden
89%
In Utero
84%
Ten
84%
Dirt
71%
Superunknown
66%
Vs.
57%
Badmotorfinger
55%
Facelift
55%
Vitalogy
46%
Yield
37%
Down on the Upside
34%
No Code
32%

Score Distribution

Percentile by Number Answered

Percent of People with Each Score

Your Score History

You have not taken this quiz